Fr. Conceicao Rodrigues College of Engineering

Fluid mechanics (Record no. 28894)

MARC details
000 -LEADER
fixed length control field 00249nam a2200121Ia 4500
082 ## - DEWEY DECIMAL CLASSIFICATION NUMBER
Classification number 532
Item number NAG
100 ## - MAIN ENTRY--PERSONAL NAME
Personal name Nagaratnam S
245 ## - TITLE STATEMENT
Title Fluid mechanics
260 ## - PUBLICATION, DISTRIBUTION, ETC.
Name of publisher, distributor, etc. Khanna publications
Date of publication, distribution, etc. 1976
546 ## - LANGUAGE NOTE
Language note ENGLISH
654 ## - SUBJECT ADDED ENTRY--FACETED TOPICAL TERMS
Focus term Fluid
942 ## - ADDED ENTRY ELEMENTS (KOHA)
Koha item type BOOK
Holdings
Withdrawn status Lost status Damaged status Not for loan Collection Home library Current library Date acquired Total Checkouts Full call number Barcode Date last seen Price effective from Koha item type
        CRC Fr. Agnel's C.Rodrigues College of Engineering Fr. Agnel's C.Rodrigues College of Engineering 17/03/2023   532 NAG 10632 17/03/2023 17/03/2023 BOOK